| 000 | 00920nam a2200241 a 4500 | ||
|---|---|---|---|
| 001 | 000024622 | ||
| 005 | 20200930023255.0 | ||
| 008 | 110201s1970 mx ad r 000 0 spa d | ||
| 040 |
_aDO-SdBNP _bspa _cBNPHU |
||
| 082 |
_axxxxx _bG896p |
||
| 245 | 0 | 0 |
_aGuía para la auditoría de sistemas automatizados de procesamiento de datos / _ctraducción Mario del Valle Sánchez ; prólogo Don Coupland. |
| 250 | _a2a ed. | ||
| 260 |
_aMéxico, D. F. : _bHerrero Hermanos, _c1970. |
||
| 300 |
_axi, 167 p. : _bil., diag. ; _c22 cm. |
||
| 500 | _aIncluye glosario de términos. | ||
| 500 | _aIncluye bibliografía p. [113-116]. | ||
| 500 | _aIncluye notas al pie de las páginas. | ||
| 534 | _aGuide for auditing automatic data processing systems. | ||
| 700 | 1 |
_aValle Sánchez, Mario del, _etr. _942392 |
|
| 700 | 1 |
_aCoupland, Don, _epról. _950491 |
|
| 710 | 1 |
_aDepartment of the Air Force, U.S.A. _950492 |
|
| 049 | _aBNGR | ||
| 999 |
_c24115 _d24115 |
||